000 004080000a22001570004500
003 MACL
005 20150728125341.0
008 150728b xxu||||| |||| 00| 0 eng d
040 _aMACL
_cMACL
082 _aEnglish
100 _aSen, Amartya
_9554
245 _aResources Values and Development
260 _bOxford University Press
_c1984
_a330/SEN
650 _aEconomics
_92804
942 _cBK
_k330/SEN
_2ddc
999 _c41565
_d41565